000 01103nam a22002297a 4500
008 081007t xxu||||| |||| 00| 0 mar
010 _aMAR-20020
020 _c380.00
035 _aMR-12678
037 _bD.B.Act /pub
082 _a294.3
100 _aसाळुंखे, आ.ह.
_937580
245 _aसर्वोत्तम भूमिपुत्र: गोतम बुद्ध /
_cआ.ह. साळुंखे
246 _aSavottam Bhumiputra: Gotam Buddha
_bby A.H.Salunkhe
260 _aसातारा
_bलोकायत प्रकाशन
_c2007
270 _a13 यशवंतनगर, गेंडा माळ
_bसातारा
_e415002
_k02162-252788, 250725
300 _a648 पृ
_c22सेमी (सजिल्द)
650 _aमराठी
_937581
650 _aMarathi
_937582
942 _2ddc
_cMR
_mसाळुंखे
_h294.3
999 _c22329
_d22329